000
00303nam a2200133Ia 4500
008
240624s9999 xx 000 0 und d
041
_a
eng
082
_a
823 THA
100
_a
THAPAR ROMILA
245
_a
SOMNATHA
260
_c
2008
_a
New Delhi
_b
Penguin
300
_a
260 : p. : cm. ; 20
365
_c
RS
999
_c
21082
_d
21082